| 000 | 00395nam a2200133Ia 4500 | ||
|---|---|---|---|
| 008 | 231129s2002||||xx |||||||||||||| ||spa|| | ||
| 020 | _a958-9091-76-8 | ||
| 040 | _bspa | ||
| 082 | _a382.0917 A346 | ||
| 245 | 0 | _aEl alca: el mercado libre mas grande del mundo | |
| 260 | _c2002 | ||
| 264 | _aFundacion para la Investigacion y la Cultura | ||
| 942 |
_2ddc _cBKS |
||
| 999 |
_c10120 _d10120 |
||